000 01101cam a2200349 a 4500
999 _c531998
_d531998
001 16600546
003 NUST
005 20191106102653.0
008 110106s2010 pk a 000 0 eng
010 _a 2010344874
020 _a9780979856907
025 _aP-E-2010344874; 08
037 _bLibrary of Congress -- Islamabad Overseas Office
038 _aM. Ramzan
040 _aDLC
_cDLC
042 _alcode
_apcc
050 0 0 _aML89
_b.P37 2010
082 _a750
_bIBR
100 1 _aZafar Y. Ibrahim
_925254
245 1 0 _a47 paintings /
_c[artists, Amna Ismail Pataudi; Sana Kazi Khan].
246 3 _aForty seven paintings
250 _a1st ed.
260 _a[Karachi] ;
_aLakewood, USA :
_bCrispus International,
_c2010.
300 _a67, [6] p. :
_bcol. ill.;
_c34 cm.
650 0 _aMusical instruments
_vPictorial works.
_925255
650 0 _aMusical instruments in art.
_925256
650 0 _aPainting.
_925257
700 1 _aKhan, Sana Kazi.
_925258
906 _a7
_bcbc
_corigode
_d3
_encip
_f20
_gy-gencatlg
942 _2ddc
_cBK